000 01122 a2200241 4500
005 20080915161048.0
008 080915t xxu||||| |||| 00| 0 hin d
010 _aHIN-80841
020 _a8181291069
_c150.00
035 _aHN-53187
037 _bD.B.Act / pub
082 _a821
100 _aवर्मा, दिवाकर
245 _aऔर उलझते गए जाल में
_cदिवाकर वर्मा
246 _aaur Ulajhte gaye Jal main
_bby Diwakar Verma
260 _aनई दिल्ली
_bनमन प्रकाशन
_c2007
300 _a109पृ
_c22 सेमी (सजिल्द)
650 _aहिन्दी कविताएँ
650 _aHindi Pomes
270 _a4231/1-बी, अंसारी रोड, दरियागंज
_bनई दिल्ली
_e110002
_k23247003
942 _adpl
_cHN
_k821 / वर्मादि
_2ddc
_h821
_mवर्मादि
999 _c7162
_d7162